Statistics for Elton John Songs by Picture

Click here to take the quiz!

General Stats

  • This quiz has been taken 374 times
  • The average score is 8 of 15

Answer Stats

Answer% Correct
Rocket Man
98%
Crocodile Rock
92%
Tiny Dancer
90%
Candle in the Wind
89%
Pinball Wizard
51%
Don't Let the Sun Go Down on Me
48%
Goodbye Yellow Brick Road
47%
Daniel
46%
Blue Eyes
43%
Bennie and the Jets
36%
I'm Still Standing
33%
Philadelphia Freedom
25%
Kiss the Bride
24%
Island Girl
21%
Nikita
15%

Score Distribution

Percentile by Number Answered

Percent of People with Each Score

Your Score History

You have not taken this quiz